000 00493 a2200145 4500
020 _a0070418780 (alk. paper)
020 _a0071122508 (ISE)
082 _a628.3 MET
245 _aWastewater engineering :
_btreatment and reuse /
_cMetcalf & Eddy, Inc.
250 _a4th ed. /
_brevised by George Tchobanoglous, Franklin L. Burton, H. David Stensel.
260 _aBoston :
_bMcGraw-Hill,
_c2003.
300 _axxviii, 1819 p. :
_bill. ;
_c24 cm.
650 _aSewerage.
650 _aSewage disposal.
650 _aWater reuse.
999 _c1703
_d1703